HAŞHAŞ VE EMPERYALİZM Y3 5 (Record no. 1118906)
[ view plain ]
| 000 -LEADER | |
|---|---|
| sabit uzunluktaki kontrol alanı | 00260nam a2200097Ia 4500 |
| 001 - KONTROL NUMARASI | |
| kontrol alanı | 1118906 |
| 005 - EN SON İŞLEMİN TARİH VE ZAMANI | |
| kontrol alanı | 20250827004134.0 |
| 008 - SABİT-UZUNLUKTA VERİ ÖĞELERİ--GENEL BİLGİ | |
| sabit uzunluktaki kontrol alanı | 250824s9999 xx 000 0 und d |
| 245 #0 - ESER / YAZAR | |
| ESER ADI | HAŞHAŞ VE EMPERYALİZM Y3 5 |
| Yazar Adı | AYTUNÇ ALTINDAL |
| 260 ## - YAYIN, DAĞITIM, VB. | |
| YAYIN EVİ | DESTEK YAYINLARI |
| Düşüm durumu | Kayıp durumu | Hasar Durumu | Ödünç verilmez | Ana kütüphane | Geçerli Kütüphane | Edinilen tarih | Toplam ödünç verme sayısı | Barkod | Son görüntüleme tarihi | Fiyatın geçerli olmaya başladığı tarih | Koha materyal türü |
|---|---|---|---|---|---|---|---|---|---|---|---|
| MEHMET ZAHİD KOTKU KIZ ANADOLU İMAM HATİP LİSESİ | MEHMET ZAHİD KOTKU KIZ ANADOLU İMAM HATİP LİSESİ | 24.08.2025 | 10933526 | 27.08.2025 | 27.08.2025 | Books |